| 000 | 01484nam a22003017a 4500 | ||
|---|---|---|---|
| 999 |
_c22607 _d22607 |
||
| 003 | AR-CdUCM | ||
| 008 | 190409b ||||| |||| 00| 0 spa d | ||
| 020 | _a9786124150661 | ||
| 040 |
_aMUNICIPALIDAD PROVINCIAL DEL CUSCO _cBIBLIOTECA MUNICIPAL DEL CUSCO |
||
| 082 |
_a343.5/J8 _bJ8 |
||
| 245 |
_aJusticia electoral en América Latina : _bmecanismos de resolución de conflictos : experiencias comparadas / _cFrancisco A. Távara Córdova, Patricio Valdés Aldunate, Alberto Dalla Vía... [et al.] |
||
| 260 |
_aLima : _bJurado Nacional de Elecciones, _c2016. |
||
| 300 |
_a296, [3] páginas. : _bil., diagrs., retrs. ; _c21 cm. |
||
| 440 |
_aDerecho electoral. Actas, memorias y mesas redondas _948635 |
||
| 500 | _aPonencias presentadas en el Taller Sobre Mecanismos de Resolución de Conflictos en el Marco de la Justicia Electoral Latinoamericana : Experiencias Comparadas, llevado a cabo en Lima, en marzo de 2015. | ||
| 650 |
_aSistema electoral _944786 |
||
| 650 |
_aDerecho electoral _944787 |
||
| 650 |
_aObservación electoral _948636 |
||
| 650 |
_aGestión de conflictos _945698 |
||
| 650 |
_aAdministración de justicia _948637 |
||
| 650 |
_aAmérica Latina _948631 |
||
| 700 |
_aTávara Córdova, Francisco _948638 |
||
| 700 |
_aValdés Aldunate, Patricio _948639 |
||
| 700 |
_aDalla Vía, Alberto Ricardo _948640 |
||
| 710 |
_aJurado Nacional de Elecciones _bEscuela Electoral y de Gobernabilidad _tentidad editora _948634 |
||
| 942 |
_2ddc _cLIBROS |
||
| 945 | _arac | ||